000 02307nam2a2200457 4500
001 RU\NLR\bibl\278229
005 20260407074407.0
010 _a5-7262-0401-8
_9200
021 _aRU
_b2002-6992
_9340
035 _a(NLR Aleph) 000273732
090 _a1600906
_c1600906
100 _a20020613d2002 |||y0rusy50 ca
101 0 _arus
102 _aRU
105 _aa z |||||
200 1 _aКонференция "Молодежь и наука"
_eАвтоматика. Микроэлектрон. Электрон. Электрон. измер. системы. Техн. физика и энергетика
210 _d2002
_aБ. м.
215 _a154 с.
_cил.
313 _aПред. сессия МИФИ 2001
320 _aБиблиогр. в конце докл.
320 _aИмен. указ. авт.: с. 152-154
461 0 _1001RU\NLR\bibl\281514
_12001#$aНаучная сессия МИФИ - 2002$vТ. 14
_91620425
_aМосковский государственный инженерно-физический институт. Научная сессия (2002)
_cМ.
_d2002
_fМоск. гос. инж.-физ. ин-т (техн. ун-т)
_nМИФИ
_oСб. науч. тр. : [В 14 т.]
_tНаучная сессия МИФИ - 2002
_vТ. 14
606 0 _aЭлектроника
_jСъезды, совещания и т.п.
_9924294
_3RU\NLR\auth\6620569
606 0 _aПрикладная физика
_jСъезды, совещания и т.п.
_91959651
_3RU\NLR\auth\66896927
606 0 _aАвтоматика
_jСъезды, совещания и т.п.
_91129619
_3RU\NLR\auth\66129172
610 0 _aАвтоматика
610 0 _aЭлектроника
610 0 _aФизика прикладная
675 _a681.5(082)
_v3
_zrus
686 _a50
_2rugasnti
686 _a32.96
_2rubbk
686 _aЗ85я431
686 _aВ3я431
686 _aЗ965я431
711 1 2 _a"Молодежь и наука", московская международная телекоммуникационная конф. студентов и молодых ученых
_d5
_f2002
_9575738
_3RU\NLR\AUTH\8810038434
801 0 _aRU
_bRKP
_c20020613
_gPSBO
801 1 _aRU
_bRKP
_c20020613
801 2 _aRU
_bNLR
_c20021120
_grcr
942 _cBOOK
980 _aNB